000 00441nam a22001577a 4500
003 OSt
008 231114b |||||||| |||| 00| 0 eng d
041 _aeng
082 _a954.03
_bTAR / H
100 _aTara Chand
_91589
245 _aHistory of the Freedom Movement in India Vol 1
260 _aDelhi:
_bMinistry of Information & Broadcasting, Govt of India,
_c1965.
300 _a344pages.
650 _aHistory, India
_95605
942 _cBK
999 _c17815
_d17815